<?xml version="1.0" encoding="UTF-8"?>
<record
    xmlns:xsi="http://www.w3.org/2001/XMLSchema-instance"
    xsi:schemaLocation="http://www.loc.gov/MARC21/slim http://www.loc.gov/standards/marcxml/schema/MARC21slim.xsd"
    xmlns="http://www.loc.gov/MARC21/slim">

  <leader>02440nam a22002777a 4500</leader>
  <controlfield tag="003">OSt</controlfield>
  <controlfield tag="005">20210430134125.0</controlfield>
  <controlfield tag="007">ta</controlfield>
  <controlfield tag="008">210305b    2020 dr a 00| 0 eng d</controlfield>
  <datafield tag="020" ind1=" " ind2=" ">
    <subfield code="a">9789945856668 (v. 1)</subfield>
  </datafield>
  <datafield tag="020" ind1=" " ind2=" ">
    <subfield code="a">9789945856675 (v. 2)</subfield>
  </datafield>
  <datafield tag="020" ind1=" " ind2=" ">
    <subfield code="a">9789945856682 (v. 3)</subfield>
  </datafield>
  <datafield tag="040" ind1=" " ind2=" ">
    <subfield code="a">DO-SdBNP</subfield>
    <subfield code="b">spa</subfield>
    <subfield code="c">BNPHU</subfield>
  </datafield>
  <datafield tag="082" ind1=" " ind2="4">
    <subfield code="a">352.4</subfield>
    <subfield code="b">R426m, 2020</subfield>
    <subfield code="2">22</subfield>
  </datafield>
  <datafield tag="110" ind1="1" ind2=" ">
    <subfield code="a">Rep&#xFA;blica Dominicana. </subfield>
    <subfield code="b">Ministerio de Hacienda. </subfield>
    <subfield code="b">Centro de Capacitaci&#xF3;n en Pol&#xED;tica y Gesti&#xF3;n Fiscal .</subfield>
    <subfield code="9">67417</subfield>
  </datafield>
  <datafield tag="245" ind1="1" ind2="0">
    <subfield code="a">Manual de administraci&#xF3;n financiera del Estado /</subfield>
    <subfield code="c">editor: Mariano Escoto Saba ; pr&#xF3;logo ; Donald Guerrero.</subfield>
  </datafield>
  <datafield tag="260" ind1=" " ind2=" ">
    <subfield code="a">Santo Domingo :</subfield>
    <subfield code="b">Egraf Digital,</subfield>
    <subfield code="c">2020.</subfield>
  </datafield>
  <datafield tag="300" ind1=" " ind2=" ">
    <subfield code="a">3v. : </subfield>
    <subfield code="b">il. ; </subfield>
    <subfield code="c">28 cm. </subfield>
  </datafield>
  <datafield tag="505" ind1="0" ind2=" ">
    <subfield code="g">v.1.</subfield>
    <subfield code="t"> Pr&#xF3;logo</subfield>
    <subfield code="t"> Introducci&#xF3;n</subfield>
    <subfield code="t"> La administraci&#xF3;n financiera del Estado. Aspectos generales</subfield>
    <subfield code="t">Derecho p&#xFA;blico y derecho administrativo</subfield>
    <subfield code="t">&#xC9;tica y transparencia, su aplicaci&#xF3;n en la administraci&#xF3;n p&#xFA;blica </subfield>
    <subfield code="t">El sistema de planificaci&#xF3;n </subfield>
    <subfield code="t">Gesti&#xF3;n para Resultados. Conceptos b&#xE1;sicos </subfield>
    <subfield code="t">Pol&#xED;tica fiscal y programaci&#xF3;n macroecon&#xF3;mica</subfield>
    <subfield code="t">El sistema presupuestario</subfield>
    <subfield code="t">Los ingresos p&#xFA;blicos y los sistemas de administraci&#xF3;n tributaria y aduanera </subfield>
    <subfield code="t"> Los ingresos p&#xFA;blicos</subfield>
    <subfield code="t">El sistema de administraci&#xF3;n tributaria</subfield>
    <subfield code="t">El sistema de administraci&#xF3;n aduanera</subfield>
  </datafield>
  <datafield tag="505" ind1="0" ind2=" ">
    <subfield code="g">v.2.</subfield>
    <subfield code="t">Pr&#xF3;logo --</subfield>
    <subfield code="t"> Introducci&#xF3;n --</subfield>
    <subfield code="t">El sistema del Cr&#xE9;dito P&#xFA;blico --</subfield>
    <subfield code="t">Sistema de gesti&#xF3;n financiera de los recursos humanos --</subfield>
    <subfield code="t">El sistema de contrataciones p&#xFA;blicas de bienes, servicios y obras --</subfield>
    <subfield code="t">Las Concesiones p&#xFA;blicas. Los fideicomisos. Los contratos de participaci&#xF3;n p&#xFA;blico-privada  --</subfield>
    <subfield code="t">Sistema de tesorer&#xED;a --</subfield>
    <subfield code="t">El sistema de contabilidad del estado --</subfield>
    <subfield code="t">Sistema de administraci&#xF3;n de bienes nacionales.</subfield>
  </datafield>
  <datafield tag="505" ind1="0" ind2=" ">
    <subfield code="g">v. 3.</subfield>
    <subfield code="t">Pr&#xF3;logo --</subfield>
    <subfield code="t">Introducci&#xF3;n --</subfield>
    <subfield code="t">El sistema de estad&#xED;sticas fiscales --</subfield>
    <subfield code="t">El sistema de control fiscal: control externo  y control interno --</subfield>
    <subfield code="t">Dise&#xF1;o y gesti&#xF3;n de los sistemas integrados de informaci&#xF3;n financiera p&#xFA;blica --</subfield>
    <subfield code="t"> La ejecuci&#xF3;n financiera y fiscal del presupuesto de gastos en la Rep&#xFA;blica Dominicana --</subfield>
    <subfield code="t"> El Ministerio de Hacienda como &#xF3;rgano rector de la pol&#xED;tica fiscal y la administraci&#xF3;n financiera del estado --</subfield>
    <subfield code="t">Organizaci&#xF3;n institucional del estado y de la administraci&#xF3;n p&#xFA;blica en la Rep&#xFA;blica Dominicana.</subfield>
  </datafield>
  <datafield tag="590" ind1=" " ind2=" ">
    <subfield code="a">Inventariado, 2021 /LP

</subfield>
  </datafield>
  <datafield tag="700" ind1="1" ind2=" ">
    <subfield code="a">Escoto Saba, Mariano,</subfield>
    <subfield code="e">editor</subfield>
    <subfield code="9">36042</subfield>
  </datafield>
  <datafield tag="700" ind1="1" ind2=" ">
    <subfield code="a">Guerrero, Donald, </subfield>
    <subfield code="e">pr&#xF3;logo</subfield>
    <subfield code="9">19672</subfield>
  </datafield>
  <datafield tag="942" ind1=" " ind2=" ">
    <subfield code="2">ddc</subfield>
    <subfield code="c">LBS1</subfield>
  </datafield>
  <datafield tag="952" ind1=" " ind2=" ">
    <subfield code="0">0</subfield>
    <subfield code="1">0</subfield>
    <subfield code="2">ddc</subfield>
    <subfield code="5">3</subfield>
    <subfield code="7">2</subfield>
    <subfield code="8">MO</subfield>
    <subfield code="a">BNPHU</subfield>
    <subfield code="b">PD</subfield>
    <subfield code="c">HD</subfield>
    <subfield code="d">2021-03-08</subfield>
    <subfield code="e">Dep&#xF3;sito Legal </subfield>
    <subfield code="l">0</subfield>
    <subfield code="o">BNPHU PD 352.4 R426m 2020</subfield>
    <subfield code="p">2021-0627</subfield>
    <subfield code="r">2021-03-08</subfield>
    <subfield code="t">v. 1</subfield>
    <subfield code="w">2021-03-08</subfield>
    <subfield code="y">LBS1</subfield>
  </datafield>
  <datafield tag="952" ind1=" " ind2=" ">
    <subfield code="0">0</subfield>
    <subfield code="1">0</subfield>
    <subfield code="2">ddc</subfield>
    <subfield code="5">1</subfield>
    <subfield code="7">2</subfield>
    <subfield code="8">MO</subfield>
    <subfield code="a">BNPHU</subfield>
    <subfield code="b">PD</subfield>
    <subfield code="c">HD</subfield>
    <subfield code="d">2021-03-08</subfield>
    <subfield code="e">Dep&#xF3;sito Legal </subfield>
    <subfield code="l">0</subfield>
    <subfield code="o">BNPHU PD 352.4 R426m 2020</subfield>
    <subfield code="p">2021-0628</subfield>
    <subfield code="r">2021-03-08</subfield>
    <subfield code="t">v. 1, e. 2</subfield>
    <subfield code="w">2021-03-08</subfield>
    <subfield code="y">LBS1</subfield>
  </datafield>
  <datafield tag="952" ind1=" " ind2=" ">
    <subfield code="0">0</subfield>
    <subfield code="1">0</subfield>
    <subfield code="2">ddc</subfield>
    <subfield code="5">6</subfield>
    <subfield code="7">0</subfield>
    <subfield code="8">MO</subfield>
    <subfield code="a">BNPHU</subfield>
    <subfield code="b">GR</subfield>
    <subfield code="c">HD</subfield>
    <subfield code="d">2021-03-08</subfield>
    <subfield code="e">Dep&#xF3;sito Legal </subfield>
    <subfield code="l">0</subfield>
    <subfield code="o">BNPHU DS 352.4 R426m 2020</subfield>
    <subfield code="p">2021-0629</subfield>
    <subfield code="r">2021-03-08</subfield>
    <subfield code="t">v. 1, e. 3</subfield>
    <subfield code="w">2021-03-08</subfield>
    <subfield code="y">LBS1</subfield>
  </datafield>
  <datafield tag="952" ind1=" " ind2=" ">
    <subfield code="0">0</subfield>
    <subfield code="1">0</subfield>
    <subfield code="2">ddc</subfield>
    <subfield code="5">6</subfield>
    <subfield code="7">0</subfield>
    <subfield code="8">MO</subfield>
    <subfield code="a">BNPHU</subfield>
    <subfield code="b">GR</subfield>
    <subfield code="c">HD</subfield>
    <subfield code="d">2021-03-08</subfield>
    <subfield code="e">Dep&#xF3;sito Legal </subfield>
    <subfield code="l">0</subfield>
    <subfield code="o">BNPHU DS 352.4 R426m 2020</subfield>
    <subfield code="p">2021-0630</subfield>
    <subfield code="r">2021-03-08</subfield>
    <subfield code="t">v. 1, e. 4</subfield>
    <subfield code="w">2021-03-08</subfield>
    <subfield code="y">LBS1</subfield>
  </datafield>
  <datafield tag="952" ind1=" " ind2=" ">
    <subfield code="0">0</subfield>
    <subfield code="1">0</subfield>
    <subfield code="2">ddc</subfield>
    <subfield code="5">6</subfield>
    <subfield code="7">0</subfield>
    <subfield code="8">MO</subfield>
    <subfield code="a">BNPHU</subfield>
    <subfield code="b">GR</subfield>
    <subfield code="c">HD</subfield>
    <subfield code="d">2021-03-08</subfield>
    <subfield code="e">Dep&#xF3;sito Legal </subfield>
    <subfield code="l">0</subfield>
    <subfield code="o">BNPHU DS 352.4 R426m 2020</subfield>
    <subfield code="p">2021-0631</subfield>
    <subfield code="r">2021-03-08</subfield>
    <subfield code="t">v. 1, e. 5</subfield>
    <subfield code="w">2021-03-08</subfield>
    <subfield code="y">LBS1</subfield>
  </datafield>
  <datafield tag="952" ind1=" " ind2=" ">
    <subfield code="0">0</subfield>
    <subfield code="1">0</subfield>
    <subfield code="2">ddc</subfield>
    <subfield code="5">1</subfield>
    <subfield code="7">2</subfield>
    <subfield code="8">MO</subfield>
    <subfield code="a">BNPHU</subfield>
    <subfield code="b">PD</subfield>
    <subfield code="c">HD</subfield>
    <subfield code="d">2021-03-08</subfield>
    <subfield code="e">Dep&#xF3;sito Legal </subfield>
    <subfield code="l">0</subfield>
    <subfield code="o">BNPHU PD 352.4 R426m 2020</subfield>
    <subfield code="p">2021-0632</subfield>
    <subfield code="r">2021-03-08</subfield>
    <subfield code="t">v. 2</subfield>
    <subfield code="w">2021-03-08</subfield>
    <subfield code="y">LBS1</subfield>
  </datafield>
  <datafield tag="952" ind1=" " ind2=" ">
    <subfield code="0">0</subfield>
    <subfield code="1">0</subfield>
    <subfield code="2">ddc</subfield>
    <subfield code="5">1</subfield>
    <subfield code="7">2</subfield>
    <subfield code="8">MO</subfield>
    <subfield code="a">BNPHU</subfield>
    <subfield code="b">PD</subfield>
    <subfield code="c">HD</subfield>
    <subfield code="d">2021-03-08</subfield>
    <subfield code="e">Dep&#xF3;sito Legal </subfield>
    <subfield code="l">0</subfield>
    <subfield code="o">BNPHU PD 352.4 R426m 2020</subfield>
    <subfield code="p">2021-0633</subfield>
    <subfield code="r">2021-03-08</subfield>
    <subfield code="t">v. 2, e. 2</subfield>
    <subfield code="w">2021-03-08</subfield>
    <subfield code="y">LBS1</subfield>
  </datafield>
  <datafield tag="952" ind1=" " ind2=" ">
    <subfield code="0">0</subfield>
    <subfield code="1">0</subfield>
    <subfield code="2">ddc</subfield>
    <subfield code="5">6</subfield>
    <subfield code="7">0</subfield>
    <subfield code="8">MO</subfield>
    <subfield code="a">BNPHU</subfield>
    <subfield code="b">GR</subfield>
    <subfield code="c">HD</subfield>
    <subfield code="d">2021-03-08</subfield>
    <subfield code="e">Dep&#xF3;sito Legal </subfield>
    <subfield code="l">0</subfield>
    <subfield code="o">BNPHU DS 352.4 R426m 2020</subfield>
    <subfield code="p">2021-0634</subfield>
    <subfield code="r">2021-03-08</subfield>
    <subfield code="t">v. 2, e. 3</subfield>
    <subfield code="w">2021-03-08</subfield>
    <subfield code="y">LBS1</subfield>
  </datafield>
  <datafield tag="952" ind1=" " ind2=" ">
    <subfield code="0">0</subfield>
    <subfield code="1">0</subfield>
    <subfield code="2">ddc</subfield>
    <subfield code="5">6</subfield>
    <subfield code="7">0</subfield>
    <subfield code="8">MO</subfield>
    <subfield code="a">BNPHU</subfield>
    <subfield code="b">GR</subfield>
    <subfield code="c">HD</subfield>
    <subfield code="d">2021-03-08</subfield>
    <subfield code="e">Dep&#xF3;sito Legal </subfield>
    <subfield code="l">0</subfield>
    <subfield code="o">BNPHU DS 352.4 R426m 2020</subfield>
    <subfield code="p">2021-0635</subfield>
    <subfield code="r">2021-03-08</subfield>
    <subfield code="t">v. 2, e. 4</subfield>
    <subfield code="w">2021-03-08</subfield>
    <subfield code="y">LBS1</subfield>
  </datafield>
  <datafield tag="952" ind1=" " ind2=" ">
    <subfield code="0">0</subfield>
    <subfield code="1">0</subfield>
    <subfield code="2">ddc</subfield>
    <subfield code="5">6</subfield>
    <subfield code="7">0</subfield>
    <subfield code="8">MO</subfield>
    <subfield code="a">BNPHU</subfield>
    <subfield code="b">GR</subfield>
    <subfield code="c">HD</subfield>
    <subfield code="d">2021-03-08</subfield>
    <subfield code="e">Dep&#xF3;sito Legal </subfield>
    <subfield code="l">0</subfield>
    <subfield code="o">BNPHU DS 352.4 R426m 2020</subfield>
    <subfield code="p">2021-0636</subfield>
    <subfield code="r">2021-03-08</subfield>
    <subfield code="t">v. 2, e. 5</subfield>
    <subfield code="w">2021-03-08</subfield>
    <subfield code="y">LBS1</subfield>
  </datafield>
  <datafield tag="952" ind1=" " ind2=" ">
    <subfield code="0">0</subfield>
    <subfield code="1">0</subfield>
    <subfield code="2">ddc</subfield>
    <subfield code="5">1</subfield>
    <subfield code="7">1</subfield>
    <subfield code="8">MO</subfield>
    <subfield code="a">BNPHU</subfield>
    <subfield code="b">PD</subfield>
    <subfield code="c">HD</subfield>
    <subfield code="d">2021-03-08</subfield>
    <subfield code="e">Dep&#xF3;sito Legal </subfield>
    <subfield code="l">0</subfield>
    <subfield code="o">BNPHU PD 352.4 R426m 2020</subfield>
    <subfield code="p">2021-0637</subfield>
    <subfield code="r">2021-03-08</subfield>
    <subfield code="t">v. 3</subfield>
    <subfield code="w">2021-03-08</subfield>
    <subfield code="y">LBS1</subfield>
  </datafield>
  <datafield tag="952" ind1=" " ind2=" ">
    <subfield code="0">0</subfield>
    <subfield code="1">0</subfield>
    <subfield code="2">ddc</subfield>
    <subfield code="5">1</subfield>
    <subfield code="7">2</subfield>
    <subfield code="8">MO</subfield>
    <subfield code="a">BNPHU</subfield>
    <subfield code="b">PD</subfield>
    <subfield code="c">HD</subfield>
    <subfield code="d">2021-03-08</subfield>
    <subfield code="e">Dep&#xF3;sito Legal </subfield>
    <subfield code="l">0</subfield>
    <subfield code="o">BNPHU PD 352.4 R426m 2020</subfield>
    <subfield code="p">2021-0638</subfield>
    <subfield code="r">2021-03-08</subfield>
    <subfield code="t">v. 3, e. 2</subfield>
    <subfield code="w">2021-03-08</subfield>
    <subfield code="y">LBS1</subfield>
  </datafield>
  <datafield tag="952" ind1=" " ind2=" ">
    <subfield code="0">0</subfield>
    <subfield code="1">0</subfield>
    <subfield code="2">ddc</subfield>
    <subfield code="5">6</subfield>
    <subfield code="7">0</subfield>
    <subfield code="8">MO</subfield>
    <subfield code="a">BNPHU</subfield>
    <subfield code="b">GR</subfield>
    <subfield code="c">HD</subfield>
    <subfield code="d">2021-03-08</subfield>
    <subfield code="e">Dep&#xF3;sito Legal </subfield>
    <subfield code="l">0</subfield>
    <subfield code="o">BNPHU DS 352.4 R426m 2020</subfield>
    <subfield code="p">2021-0639</subfield>
    <subfield code="r">2021-03-08</subfield>
    <subfield code="t">v. 3, e. 3</subfield>
    <subfield code="w">2021-03-08</subfield>
    <subfield code="y">LBS1</subfield>
  </datafield>
  <datafield tag="952" ind1=" " ind2=" ">
    <subfield code="0">0</subfield>
    <subfield code="1">0</subfield>
    <subfield code="2">ddc</subfield>
    <subfield code="5">6</subfield>
    <subfield code="7">0</subfield>
    <subfield code="8">MO</subfield>
    <subfield code="a">BNPHU</subfield>
    <subfield code="b">GR</subfield>
    <subfield code="c">HD</subfield>
    <subfield code="d">2021-03-08</subfield>
    <subfield code="e">Dep&#xF3;sito Legal </subfield>
    <subfield code="l">0</subfield>
    <subfield code="o">BNPHU DS 352.4 R426m 2020</subfield>
    <subfield code="p">2021-0640</subfield>
    <subfield code="r">2021-03-08</subfield>
    <subfield code="t">v. 3, e. 4</subfield>
    <subfield code="w">2021-03-08</subfield>
    <subfield code="y">LBS1</subfield>
  </datafield>
  <datafield tag="952" ind1=" " ind2=" ">
    <subfield code="0">0</subfield>
    <subfield code="1">0</subfield>
    <subfield code="2">ddc</subfield>
    <subfield code="5">6</subfield>
    <subfield code="7">0</subfield>
    <subfield code="8">MO</subfield>
    <subfield code="a">BNPHU</subfield>
    <subfield code="b">GR</subfield>
    <subfield code="c">HD</subfield>
    <subfield code="d">2021-03-08</subfield>
    <subfield code="e">Dep&#xF3;sito Legal </subfield>
    <subfield code="l">0</subfield>
    <subfield code="o">BNPHU DS 352.4 R426m 2020</subfield>
    <subfield code="p">2021-0641</subfield>
    <subfield code="r">2021-03-08</subfield>
    <subfield code="t">v. 3, e. 5</subfield>
    <subfield code="w">2021-03-08</subfield>
    <subfield code="y">LBS1</subfield>
  </datafield>
  <datafield tag="999" ind1=" " ind2=" ">
    <subfield code="c">49504</subfield>
    <subfield code="d">49504</subfield>
  </datafield>
</record>
